Compensation for compulsory purchase: equivalence and the date for fixing interests (Record no. 671)

MARC details
000 -LEADER
fixed length control field 01539cab a2200205 4500
001 - CONTROL NUMBER
control field ABS36957
008 - FIXED-LENGTH DATA ELEMENTS--GENERAL INFORMATION
fixed length control field 090401t1986 xxu||||| |||| 00| 0 eng d
035 ## - SYSTEM CONTROL NUMBER
System control number (Sirsi) u1232
041 ## - LANGUAGE CODE
Language code of text/sound track or separate title eng
100 ## - MAIN ENTRY--PERSONAL NAME
Personal name Young, E.
245 ## - TITLE STATEMENT
Title Compensation for compulsory purchase: equivalence and the date for fixing interests
260 ## - PUBLICATION, DISTRIBUTION, ETC.
Date of publication, distribution, etc. 1986
350 ## - PRICE (NR) (BK AM CF MU VM SE) [OBSOLETE]
Price 0
490 ## - SERIES STATEMENT
Series statement JPL
Volume/sequential designation (1986) , 727-744 (18)
520 ## - SUMMARY, ETC.
Summary, etc. This article examines the complex law relating to the date at which interests in land are to be taken as fixed for compensation purposes. Begins with a brief discussion of the decision Birmingham Corporation v West Midland Baptist Trust Association (1969) 20 P&CR 1052 which has exercised an important influence on later decisions relating to the appropriate date for the fixing of interests in land . Goes on to examine the authority for the proposition that interests in land are fixed as at the date an acquiring authority serves notice to treat in respect of land, referred to as the "traditional" approach; discusses a number of decisions pre the West Midland Baptist Case which appeared to depart from the "traditional" approach and finally considers cases decided since the West Midland Baptist Case which tend to support the view that interests as well as values are now to be taken as at what has come to be known as the valuation date .
690 ## - LOCAL SUBJECT ADDED ENTRY--TOPICAL TERM (OCLC, RLIN)
Topical term or geographic name as entry element ENVIRONMENTAL AND LAND CONSULTANCY-PLANNING AND DEVELOPMENT-COMPULSORY PURCHASE AND COMPENSATION
700 ## - ADDED ENTRY--PERSONAL NAME
Personal name Rowan-Robinson, J.
942 ## - ADDED ENTRY ELEMENTS (KOHA)
Suppress in OPAC 0
948 ## - LOCAL PROCESSING INFORMATION (OCLC); SERIES PART DESIGNATOR (RLIN)
c (OCLC) 04/03/1997
Holdings
Withdrawn status Lost status Source of classification or shelving scheme Damaged status Not for loan Home library Current library Shelving location Date acquired Total Checkouts Full call number Barcode Date last seen Copy number Price effective from Koha item type
    Dewey Decimal Classification     London London Journal article 14/09/1999   ABS36957 1232-1001 06/08/2019 1 06/08/2019 Journal article